000 00797nas a2200253 4500
001 BR9501564
003 BR-BrBNA
005 20231205093926.0
007 ta
008 230509b bl.|||p| |||| 00| 00por d
040 _aBR-BrBNA
_bpor
_cBiblioteca Nacional de Agricultura
041 _a(Pt)
072 _aM12; L52
100 1 _aPinto, C.S.R.M.
100 1 _aVerani, J.R.
100 1 _aAntoniutti, D.M.
100 1 _aStempniewski, H.L.
245 1 _aEstudo comparativo do crescimento de machos de Oreochromis niloticus em diferentes periodos de cultivo
650 _aTilapia
650 _aCultivo Intensivo
773 0 _tBoletim do Instituto de Pesca (Brazil)
_xISSN 0046-9939
_g(1989), v. 16(1) p. 19-27
_wBR9501564
909 _a202311
_bLúcia
_c55
_dLúcia Elande
942 _2AGRIS
_n0
_cANA
999 _c141131
_d141131